Cruzada en jeans /

Thea Beckman (1923-2004), escritora holandesa nacida en Rotterdam. Se doctoró en psicología en 1981, estudios que comenzó en 1975 y que fueron su gran sueño. Publicó ocho novelas históricas que le valieron el reconocimiento del Huib de Ruyter Prijs (premio de los maestros holandeses) en 1975. Tambié...

詳細記述

保存先:
書誌詳細
第一著者: Beckman, Thea (autor)
フォーマット: 図書
言語:スペイン語
出版事項: México : Madrid, España : CONACULTA : SM, 1996, c1996
シリーズ:(Gran Angular ; 29)
主題:
タグ: タグ追加
タグなし, このレコードへの初めてのタグを付けませんか!

MARC

LEADER 00000nam^a2200000^a^4500
001 000174025
005 20250521000000.0
009 20260310101515.21
020 |a 84-348-1139-1 
020 |a 968-29-8851-9 
037 |a Acervo ITESO - Biblioteca 
041 |a ESP 
082 |a 808. 899282  |b ANG V. 29 
100 |a Beckman, Thea  |e (autor) 
245 1 0 |a Cruzada en jeans /  |c T. Beckman ; tr. por Guillermo Solana. 
264 4 |a México :  |b CONACULTA :  |b SM,  |a Madrid, España :  |c 1996, c1996 
300 |a 239 p. 
336 |a texto  |b txt  |2 rdacontenido 
337 |a sin mediación  |b n  |2 rdamedio 
338 |a volumen  |b nc  |2 rdasoporte 
440 1 |a (Gran Angular ;  |v 29) 
500 |a Traducción de: Kruistocht in Spijkerbroek 
520 |a Thea Beckman (1923-2004), escritora holandesa nacida en Rotterdam. Se doctoró en psicología en 1981, estudios que comenzó en 1975 y que fueron su gran sueño. Publicó ocho novelas históricas que le valieron el reconocimiento del Huib de Ruyter Prijs (premio de los maestros holandeses) en 1975. También escribió varios libros más para niños y adolescentes, entre ellos Cruzada en jeans (1973), obra calificada en 1976 en la provincia de Trento, Italia como el mejor libro de literatura juvenil europea y que en su país natal recibió el Golden Pen, el premio más prestigioso de literatura infantil de Holanda en 1974. 
649 |a XX 
650 |a Novela Holandesa 
650 |a Literatura Holandesa -  |y Siglo XX 
650 |a Literatura Juvenil -  |z Holanda 
650 |a Literatura Fantástica -  |z Holanda 
910 |a Fondo General 
920 |a Impresos - Libros 
930 |a Colección General 
940 |a Literatura 
905 |a 101 
901 |a 0500111784  |b IT1  |c LIT  |u 20250521 
902 |a https://opac.biblio.iteso.mx/vufind/Record/000174025